| 000 | 01655nam a2200265Ia 4500 | ||
|---|---|---|---|
| 999 |
_c48192 _d48192 |
||
| 001 | 15074 | ||
| 003 | GE_BSU | ||
| 005 | 20250822183210.0 | ||
| 008 | 181216s2012||||ge |||||||||||||| ||geo|| | ||
| 040 | _cGE_BSU | ||
| 041 | _ageo | ||
| 080 | _a314(038)81’374.26:314=353.1=111=161.1 დ-32 | ||
| 245 |
_a დემოგრაფიის მოკლე ენციკლოპედიური ლექსიკონი / _cUNFRA გაერთიანებული ერების მოსახლეობის ფონდი ; შემდგ.: გიორგი წულაძე ; [სარედ. კოლ.: ა. სულაბერიძე (მთ. რედ.) [და სხვ.]. |
||
| 250 | _aმე-3 გამოცემა გადამუშავებული და დამატებული | ||
| 264 |
_aთბილისი : _bშპს ”ვესტა”, _c2012. |
||
| 300 |
_a576 გვ. ; _c21 სმ. |
||
| 653 | _aდემოგრაფიის მოკლე ენციკლოპედიური ლექსიკონი | ||
| 700 |
_aწულაძე, გიორგი _eშემდგენელი _94394 |
||
| 700 |
_aსულაბერიძე, ა. _eშემდგენელი _94392 |
||
| 700 |
_aვადაჭკორია, ა. _eრედაქტორი _925754 |
||
| 700 |
_aლორთქიფანიძე, გ. _eრედაქტორი _91484 |
||
| 700 |
_aმაღლაფერიძე, ნ. _eრედაქტორი _925755 |
||
| 700 |
_aწულაძე, ლ. _eრედაქტორი _99844 |
||
| 942 |
_cBK _2udc |
||